Ivonny Bonita - Karol G - Estadísticas

Estadísticas generales
  • Esta prueba ha sido intentada 34 veces
  • La puntuación promedio es 207 de 237
Estadísticas de respuestas
Respuesta % Correcto
de
100%
el
100%
ella
100%
es
100%
Ivonny
100%
le
100%
se
100%
amor
93%
aunque
93%
bonita
93%
casi
93%
cereza
93%
con
93%
corazon
93%
en
93%
escandalo
93%
han
93%
impresionante
93%
la
93%
lo
93%
mejor
93%
oxigeno
93%
perfecta
93%
pone
93%
que
93%
quita
93%
romantico
93%
roto
93%
su
93%
te
93%
tiene
93%
todo
93%
un
93%
una
93%
y
93%
arte
86%
baila
86%
belleza
86%
busca
86%
caliente
86%
como
86%
cuerpo
86%
duela
86%
esa
86%
experimentar
86%
habla
86%
iconica
86%
inteligente
86%
magnifica
86%
metas
86%
no
86%
obra
86%
piensa
86%
quiere
86%
sensible
86%
si
86%
solo
86%
sueños
86%
sus
86%
tan
86%
unica
86%
admiren
79%
alma
79%
aventurera
79%
bailando
79%
basico
79%
brillante
79%
cremita
79%
darse
79%
deja
79%
etica
79%
exotica
79%
fantastica
79%
feliz
79%
gusta
79%
libre
79%
miren
79%
mujer
79%
nada
79%
nadie
79%
placeres
79%
razon
79%
sensual
79%
tampoco
79%
vida
79%
viene
79%
vive
79%
aparte
71%
aprobacion
71%
buscando
71%
completa
71%
destreza
71%
espectaculo
71%
hipnotica
71%
miedos
71%
mistica
71%
ni
71%
pa
71%
para
71%
pieza
71%
porque
71%
punto
71%
querer
71%
veinte
71%
vieras
71%
anda
64%
clasica
64%
discreta
64%
magica
64%
soba
64%
atormenta
57%
eso
57%
lenceria
57%
lento
57%
mirada
57%
pero
57%
salsita
57%
tambien
57%
a-a-a
21%
No se encontraron pruebas coincidentes
Distribución de puntuación
Porcentaje de gente con cada puntuación
Porcentaje por número respondido
Historial de tus puntuaciones
No has intentado esta prueba.